| 000 | 00654nam a2200241Ia 4500 | ||
|---|---|---|---|
| 008 | 180523s9999 xx 000 0 und d | ||
| 020 | _a978-15-9918061-8 | ||
| 050 | _aMAIN HF 5386 | ||
| 050 | _b.E33 2007 | ||
| 100 | _aEichenbaum, David A. | ||
| 245 | 4 | _aThe Business rules : | |
| 245 | 4 | _bthe seven irrefutable laws that determine all business success / | |
| 245 | 0 | _cDavid A. Eichenbaum. | |
| 260 | _a[s. l.] : | ||
| 260 | _bEntrepreneur Press, | ||
| 260 | _c2007 | ||
| 300 | _a256 pages : | ||
| 300 | _billustrations ; | ||
| 300 | _c23 cm. | ||
| 500 | _aIncludes index. | ||
| 650 | _aSuccess in business. | ||
| 650 | _xManagement. | ||
| 999 |
_c357013 _d357013 |
||